| 000 | 00360 a2200109 4500 | ||
|---|---|---|---|
| 001 | ART_3568 | ||
| 005 | 20260410161716.0 | ||
| 008 | 260409a | ||
| 245 | 1 | 0 | _aEl autotransporte colectivo privado de Buenos Aires, 1960-1990. |
| 100 | 1 | _aMüller, Alberto E.G. | |
| 773 | 0 |
_tDesarrollo económico _g- Vol. 29, Nº 116 (ene./mar. 1990) _wREV1174 |
|
| 999 |
_c16515 _d16515 |
||